000 01019nam a2200253 i 4500
001 23233
003 ES-MaACL
005 20240509110821.0
007 t|
008 021209s1960 sp |||| |dspa d
080 _a929 Hurtado de Mendoza, Juan
080 _a929 Tello de Guzmán, Alonso
100 1 _aAlonso, Dámaso,
_d1898-1990
_920195
245 1 0 _aDos españoles del Siglo de Oro
_b: un poeta madrileñista, latinista y francesista en la mitad del siglo XVI. El Fabio de la "Epístola Moral" : su cara y su cruz en Méjico y en España /
_cDámaso Alonso.
260 _aMadrid :
_bGredos,
_c[1960]
300 _a257 p. ;
_c19 cm.
490 1 _aBiblioteca románica hispánica ;
_vII.
_aEstudios y ensayos ;
_v45
600 1 4 _aHurtado de Mendoza, Juan.
_964792
600 1 4 _aTello de Guzmán, Alonso.
_9156762
740 3 2 _aEl Fabio de la "Epístola Moral"
830 0 _aBiblioteca románica hispánica. II. Estudios y ensayos
_vII.
_v45
_9178108
852 _aES-MaACL
_jC-19095
999 _c23233
_d23233